| 000 | 00856nam a2200241Ia 4500 | ||
|---|---|---|---|
| 003 | GCL | ||
| 008 | 140319s9999 xx 000 0 ara d | ||
| 040 |
_aGCL / _cGCL |
||
| 082 | 0 | 4 |
_a001.5 _bب ت |
| 100 | 1 | _aبورديو، بيير | |
| 245 | 1 | 0 |
_aالتلفزيون واليات التلاعب بالعقول / _cبورديو، بيير |
| 250 | _aالاولى | ||
| 260 |
_aسوريا : _bدار كنعان للدراسات والنشر ، _c2004 |
||
| 300 |
_a175 ص ؛ _c24 سم |
||
| 650 | 0 | 4 | _aالصحافة |
| 650 | 0 | 4 | _aالاتصال |
| 650 | 0 | 4 | _aوسائل الاعلام |
| 650 | 0 | 4 | _aالتليفزيون - الرقابة |
| 650 | 0 | 4 | _aالتليفزيون - التأثير النفسى |
| 650 | 0 | 4 | _aالتليفزيون - التاثير الفسيولوجى |
| 650 | 0 | 4 | _aالعنف فى التليفزيون |
| 942 |
_2ddc _cBK |
||
| 999 |
_c8125 _d8125 |
||